01714nam a2200265Ia 4500003000400000005001700004008004100021020001500062040002100077041000800098082002400106100003800130245005600168260004800224300007700272490002900349500003700378504004000415505076800455650004501223650003501268942001201303999001501315952011801330OSt20210906115749.0210310s1988 sp ad fq 000 0 spa d a8475306144 aCO-JMCRcCO-JMCR0 aspa04a339.23 /bL586a2231 aLeontief, Wassily, 917399eautor10aAnálisis económico input-output / bW. Leontief aBarcelona : bEdiciones Orbis, S.A., c1988 a359 páginas : bilustraciones y gráficas a blanco y negro ; c20 cm.0 aBiblioteca de Economía aIncluye notas a pie de página. aBibliografía: páginas [357]-3590 aPropuesta para mejorar la bondad de nuestras previsiones económicas (1964) -- Análisis económico input-output (1951) -- Salarios, beneficios, precios e impuestos (1947) -- La estructura del desarrollo (1963) -- Producción interna y comercio exterior: reexamen de la posición estadounidense por lo que respecta al capital (1953) -- Las relaciones entre los factores y la estructura del comercio estadounidense: nuevo análisis teórico y empírico (1956) -- Análisis input-output (1965) -- Estructura de la economía estadounidense (1965) -- Repercusiones económicas estadounidense (1961) -- Repercusiones económicas -en los ámbitos industrial y regional- de una reducción de armamento (1965) -- Análisis input-output multiregional (1963)14aEconomía917401xModelos matemáticos24aEconomía matemática940005 2ddccBK c8482d8482 00102ddc40708NFICaCPLbCPLd2018-04-15eDonacióno339.23 / L586ap430006158r2024-05-16 00:00:00tEj.1yBK